| 000 | 01145nam a22002537a 4500 | ||
|---|---|---|---|
| 005 | 20170124102958.0 | ||
| 010 | _aB-186271 | ||
| 020 |
_c400.00 _a81545 |
||
| 035 | _aB-186271 | ||
| 037 | _bCen Lib/Ret | ||
| 040 |
_aDPL _bHN |
||
| 082 |
_a420 _bअग्रवा |
||
| 100 |
_aअग्रवाल, मुकेश _9104036 |
||
| 245 |
_aप्रयोजनमूलक हिंदी / _cमुकेश अग्रवाल |
||
| 246 |
_aPrayojanmoolak Hindi / _bby Mukesh Agrawal |
||
| 260 |
_aगज़ियाबाद _bके. एल. पचौरी प्रकाशन _c2005 |
||
| 270 |
_a8/डी-ब्लाक एक्सटेंशन इन्द्रपुरी, लोनी _bगज़ियाबाद _e201102 |
||
| 300 |
_a256पृ. _c20सेमी(सजिल्द ) |
||
| 650 |
_aहिंदी भाषा _x _z _9104037 |
||
| 650 |
_aहिंदी भाषा--प्रयोजनमूलक हिंदी _v _953886 |
||
| 650 |
_aHindi language _99446 |
||
| 650 |
_aHindi language--Functional Hindi _953887 |
||
| 942 |
_2ddc _cHN _h420 _mअग्रवा |
||
| 999 |
_c113797 _d113797 |
||